Case Studies in Japanese Negotiating Behaviour (Record no. 13880)

MARC details
000 -LEADER
fixed length control field 00652nam a2200253 a 4500
020 ## - INTERNATIONAL STANDARD BOOK NUMBER
ISBN 1929223
082 00 - DEWEY DECIMAL CLASSIFICATION NUMBER
Classification number 302.952073
Author Cutter BLA
100 ## - MAIN ENTRY--AUTHOR NAME
Author name Blaker, Michael
245 ## - TITLE STATEMENT
Title Case Studies in Japanese Negotiating Behaviour
260 ## - PUBLICATION, DISTRIBUTION, ETC. (IMPRINT)
Place of publication New York
Name of publisher Washington Square Press
Year of publication 2002
300 ## - PHYSICAL DESCRIPTION
Number of Pages 170p
500 ## - GENERAL NOTE
General note includes index and biblioraphy
505 2# - FORMATTED CONTENTS NOTE
Formatted contents note Appendix
650 ## - SUBJECT ADDED ENTRY--TOPICAL TERM
Topical Term Negotiation-Japanese
942 ## - ADDED ENTRY ELEMENTS (KOHA)
Koha item type Books
700 1# -
-- Paul Giarra
700 1# -
-- Ezra Vogel
Holdings
Collection code Home library Current library Date acquired Cost, normal purchase price Full call number Accession Number Koha item type
  Henry Martyn Institute Library Henry Martyn Institute Library 03/19/2007 562.50 302.952073 BLA 021336 Books
                   Copyright © 2026 | Henry Martyn Institute | Hyderabad | TS-500052 | INDIA | Implemented by hmi.edu.in
Hit-Count:

Powered by Koha